000 00990nam a22002655a 4500
005 20201128023935.0
008 161025t2014 nyua frb 001 0 eng d
020 _a9781430265719
040 _aEG-ScBUE
_beng
_cEG-ScBUE
_dEG-ScBUE
082 0 4 _222
_a005.8
_bRUA
100 1 _aRuan, Xiaoyu.
245 1 0 _aPlatform embedded security technology revealed :
_bsafeguarding the future of computing with intel embedded security and management engine /
_cXiaoyu Ruan.
260 _aNew York :
_bApress Open,
_cc.2014.
300 _axxiv, 246 p. :
_bill. ;
_c24 cm.
500 _aIndex : p. 239-246.
504 _aIncludes bibliographical references.
590 _aSuzan Ashmawy, revised by Rahma Essa.
650 7 _2BUEsh
_aData encryption (Computer science)
_92635
650 7 _2BUEsh
_aComputer security.
_92637
650 7 _2BUEsh
_aSoftware engineering.
_93832
650 7 _2BUEsh
_aComputer science.
_93608
651 _2BUEsh
653 _bCOMSCI
_cOctober2016
_cNovember2016
942 _2ddc
999 _c22845
_d22817